Responses for show #835 - Friday, April 1, 1988

Steven Popper game 5.

Contestants

Mary Jane Eager, a domestic goddess from Eager, Arizona

Heather Wood, a student originally from Kansas City

Steven Popper, an economist originally from Minneapolis, Minnesota (whose 4-day cash winnings total $42,600)

Jeopardy! Round responses

BUSINESS & INDUSTRY
EUROPE
ROCKS & MINERALS
NURSERY RHYMES
MACHO
STARTS WITH "W"
    $100 19
Pittsburgh

Steven
    $100 13
tourists

Steven
    $100 1
mercury

Steven
    $100 3
white

Mary Jane
    $100 25
(Mary Jane: Who is Telly Savalas?)
(Steven: Who is Michael Finnegan?)

Marvelous Marvin Hagler

StevenMary Jane
Triple Stumper
    $100 9
whipping post

Triple Stumper
    $200 20
(Heather: What is Ford?)
(Mary Jane: What is Chrysler?)

Toyota

StevenHeatherMary Jane
    $200 14
Protestant

Steven
    $200 2
(Heather: What is transportation?)
(Steven: What is building?)

packaging

StevenHeatherMary Jane
    $200 4
"Wee wee wee"

Mary Jane
    $200 26
[The end-of-round signal sounds.]

Tough Guys Don't Dance

Steven
    $200 10
Lech Walesa

Steven
    $300 21
France & Great Britain

Steven
    $300 15
Finland

Steven
    $300 6
Napoleon Bonaparte

Steven
    $300 5
(Mary Jane: What is whey?)
(Heather: What are muffins?)

pie

StevenHeatherMary Jane
    $300 11
(Heather: What is a wicker chair?)
(Mary Jane: What is a Windsor?)

a wing chair

HeatherMary Jane
Triple Stumper
    $400 22
Bally

Mary Jane
    $400 16
lederhosen

Steven
    $400 7
(James) Smithson

Steven
    $500 23
(Alex: You've got it. You're up to $600, we've got less than a minute to go. Select again.)

sheep & cows

Mary Jane
    $400 12
a warren

Heather
    $500 17
Yugoslavia

Steven
    $500 8
marble

Steven
    $500 24
teeth

Heather
    $500 18
(Heather: What are the Flemish?)

Walloons

StevenHeather

Scores at the first commercial break (after clue 13):

Steven Heather Mary Jane
$1,700 -$400 -$100

Scores at the end of the Jeopardy! Round:

Steven Heather Mary Jane
$4,300 -$600 $500

Double Jeopardy! Round responses

MARYLAND
FINE ARTS
FOOD
EXPLORERS
WEATHER
ANIMAL GROUPS
    $200 27
an oriole

Steven
    $200 24
(Alex: Right, and we've got a minute to go.)

Shelley

Heather
    $200 9
crocodiles

Steven
    $200 14
Jacques Cousteau

Mary Jane
    $200 6
(Steven: What is thunder?)

lightning

StevenMary Jane
    $200 2
a bed

Steven
    $400 28
race tracks

Steven
    $2,000 29
Also sprach Zarathustra

Steven
    $400 10
conch

Steven
    $400 15
(Vitus) Bering

Steven
    $400 7
the first world war

Steven
    $400 3
(Heather: What is a band?)

a gang

HeatherMary Jane
    $600 26
Bethesda

Steven
    $600 21
the Sistine Chapel

Mary Jane
    $600 11
the stem

Mary Jane
    $600 16
timbuktu

Steven
    $600 8
bad weather (rain)

Mary Jane
    $600 1
locusts

Steven
    $800 25
(Mary Jane: What is from glaciers?)

they were all made by man

Mary Jane
Triple Stumper
    $800 23
an actress

Triple Stumper
    $800 12
Harvard beets

Steven
    $1,500 17
(Steven: Who are Jolliet & Lasalle?)

Jolliet & Marquette

Steven
    $800 19
the Mediterranean

Steven
    $800 4
a horde

Steven
    $1000 22
B minor

Steven
    $1000 13
(Steven: What is Limburger?)

Liederkranz

Steven
Triple Stumper
    $1000 18
(Steven: Uh, oh dear. Who was Bering?)

Willem Barents

Steven
Triple Stumper
    $1000 20
drought

Heather
    $1000 5
(Mary Jane: What is a flock?)

a cast

Mary Jane
Triple Stumper

Scores at the end of the Double Jeopardy! Round:

Steven Heather Mary Jane
$10,000 $200 $1,300
(lock game)

[wagering suggestions for these scores]

Final Jeopardy! Round responses

DEMOCRATS
HeatherWho is Bob Dole?
$200
Mary JaneWho is Tip O'Neill?
$899
StevenWho is W. Proxmire?
$3,000
William Proxmire

Final scores:

Steven Heather Mary Jane
$13,000 $0 $401
5-day champion: $55,600 3rd place: designer stained glass 2nd place: audio/video center with TV, VCR & stereo + blinds

Game dynamics:

Coryat scores:

Steven Heather Mary Jane
$9,900 $200 $1,200
31 R
(including 1 DD),
6 W
(including 1 DD)
4 R,
6 W
11 R
(including 1 DD),
6 W

Combined Coryat: $11,300

The J! Archive is created by fans, for fans. The Jeopardy! game show and all elements thereof, including but not limited to copyright and trademark thereto, are the property of Jeopardy Productions, Inc. and are protected under law. This website is not affiliated with, sponsored by, or operated by Jeopardy Productions, Inc. Join the discussion at JBoard.tv.